| 000 | 00000nam 2200000zi 4500 |
| 001 | 9.884370 |
| 003 | CaOODSP |
| 005 | 20221107170839 |
| 006 | m o d f |
| 007 | cr cn||||||||| |
| 008 | 200206s2020 quc ob f000 0 eng d |
| 020 | |a9780660339726 |
| 040 | |aCaOODSP|beng|erda|cCaOODSP |
| 043 | |an-cn--- |
| 086 | 1 |aCH4-191/2020E-PDF |
| 245 | 00|aConsultation process with official language minority communities (OLMCs). |
| 264 | 1|a[Gatineau, Quebec] : |bGovernment of Canada = Gouvernement du Canada, |c[2020] |
| 300 | |a1 online resource (1 page) |
| 336 | |atext|btxt|2rdacontent |
| 337 | |acomputer|bc|2rdamedia |
| 338 | |aonline resource|bcr|2rdacarrier |
| 500 | |aIssued also in French under title: Processus de consultations auprès des communautés de langue officielle en situation minoritaire (CLOSM). |
| 500 | |aIssued by: Canadian Heritage. |
| 500 | |aIssued also in HTML format. |
| 504 | |aIncludes bibliographical references. |
| 650 | 0|aLanguage policy|zCanada|xCitizen participation. |
| 650 | 0|aLinguistic minorities|zCanada. |
| 710 | 1 |aCanada. |bCanadian Heritage, |eissuing body. |
| 775 | 08|tProcessus de consultations auprès des communautés de langue officielle en situation minoritaire (CLOSM).|w(CaOODSP)9.884371 |
| 856 | 40|qPDF|s153 KB|uhttps://publications.gc.ca/collections/collection_2020/pch/CH4-191-2020-eng.pdf |
| 856 | 4 |qHTML|sN/A|uhttps://www.canada.ca/en/canadian-heritage/services/official-languages-bilingualism/publications/consultation-process.html |